Pixel Art Mystery Picture - Logos - Statistics

General Stats
  • This quiz has been taken 2,204 times
  • The average score is 17 of 18
Answers on the Map
Answers color-coded by a green-red scale on the quiz's map according to % correct below.
 
Answer Stats
Group Logo Answer % Correct
Question Google
100%
Question Domino's
99%
Question Facebook
98%
Question Shell
98%
Question YouTube
98%
Question PayPal
97%
Logo Pepsi
97%
Question Spotify
97%
Question XBox
97%
Question PlayStation
96%
Question Pringles
96%
Question Tesla
96%
Logo Firefox
95%
Question LG
94%
Question Skype
93%
Question Walmart
84%
Question NBC
74%
Question DoorDash
52%
No matching quizzes found
Score Distribution
Percent of People with Each Score
Percentile by Number Answered
Your Score History
You have not taken this quiz